Catálogo
 En Linea

Seguridad ciudadana en América Latina : (Registro nro. 12479)

Detalles MARC
000 -CABECERA
campo de control de longitud fija 00905cam a2200241 a 4500
001 - NÚMERO DE CONTROL
campo de control 000012830
003 - IDENTIFICADOR DEL NÚMERO DE CONTROL
campo de control DO-SdBNP
005 - FECHA Y HORA DE LA ÚLTIMA TRANSACCIÓN
campo de control 20260206103659.0
008 - DATOS DE LONGITUD FIJA--INFORMACIÓN GENERAL
campo de control de longitud fija 040504s2002 mx b 001 0 spa c
020 ## - NÚMERO INTERNACIONAL ESTÁNDAR DEL LIBRO
Número Internacional Estándar del Libro 9682323959
040 ## - FUENTE DE LA CATALOGACIÓN
Centro catalogador/agencia de origen DO-SdBNP
Lengua de catalogación spa
Centro/agencia transcriptor BNPHU
Normas de descripción rda
082 ## - NÚMERO DE LA CLASIFICACIÓN DECIMAL DEWEY
Número de clasificación 364.142
Número de documento/Ítem R541s
100 1# - ENTRADA PRINCIPAL--NOMBRE DE PERSONA
Nombre de persona Rico, José María.
9 (RLIN) 29674
245 10 - MENCIÓN DE TÍTULO
Título Seguridad ciudadana en América Latina :
Resto del título hacia una política integral /
Mención de responsabilidad, etc. José María Rico, Laura Chinchilla.
260 ## - PUBLICACIÓN, DISTRIBUCIÓN, ETC.
Lugar de publicación, distribución, etc. México :
Nombre del editor, distribuidor, etc. Siglo Vientiuno,
Fecha de publicación, distribución, etc. 2002.
300 ## - DESCRIPCIÓN FÍSICA
Extensión 187 p. ;
Dimensiones 21 cm.
504 ## - NOTA DE BIBLIOGRAFÍA, ETC.
Nota de bibliografía, etc. Referencias bibliográficas p. 181-187.
650 #7 - PUNTO DE ACCESO ADICIONAL DE MATERIA--TÉRMINO DE MATERIA
Término de materia o nombre geográfico como elemento de entrada Delitos contra la seguridad pública
Subdivisión geográfica América Latina
9 (RLIN) 29675
Fuente del encabezamiento o término LIBRUNAM
650 #7 - PUNTO DE ACCESO ADICIONAL DE MATERIA--TÉRMINO DE MATERIA
Término de materia o nombre geográfico como elemento de entrada Prevención del delito
Subdivisión geográfica América Latina
9 (RLIN) 29676
Fuente del encabezamiento o término LIBRUNAM
650 #0 - PUNTO DE ACCESO ADICIONAL DE MATERIA--TÉRMINO DE MATERIA
Término de materia o nombre geográfico como elemento de entrada Administración de justicia penal
Subdivisión geográfica América Latina
9 (RLIN) 88238
Fuente del encabezamiento o término LIBRUNAM
700 1# - PUNTO DE ACCESO ADICIONAL--NOMBRE DE PERSONA
Nombre de persona Chinchilla, Laura.
9 (RLIN) 29678
942 ## - ELEMENTOS DE PUNTO DE ACCESO ADICIONAL (KOHA)
Fuente del sistema de clasificación o colocación Dewey Decimal Classification
Tipo de ítem Koha Libro
Existencias
Estado de retiro Estado de pérdida Restricciones de uso No para préstamo Código de colección Localización permanente Ubicación/localización actual Ubicación en estantería Fecha de adquisición Número de inventario Total de préstamos Signatura topográfica completa Código de barras Fecha visto por última vez Precio válido a partir de Tipo de ítem Koha
    Préstamo interno   Monografías: Libros y Folletos General General En catalogación 17.11.2009 LF1   364.142 R541s 12830-10 25.06.2020 25.06.2020 Préstamo interno

Con tecnología Koha